00388nam a22000977a 4500008004100000082001300041100000800054245019900062260002100261300000800282230703b xxu||||| |||| 00| 0 eng d a350bNTI cGOK aThe Role of the Public Service in African DevelopmentbReport of the Seminar for Members of the Public Service Commission held at Oceanic Hotel, Mombasa, Kenya 29th November to 5th December 1972 aKenyabGOKc1972 a87p